000
00298nam a22001217a 4500
020
_a
0-07-049164-X
082
_a
005.133-B PEC'H
100
_a
PECKHAM, HERBERT
_9
65957
245
_a
HANDS ON BASIC FOR THE DEC PROFESSIONAL
260
_a
NEWYORK
_b
MCGRAW HILL
_c
1985
300
_a
332P
942
_c
BK
999
_c
574021
_d
574021